| 000 | 00796cab a22001935a 4500 | ||
|---|---|---|---|
| 001 | L146958 | ||
| 008 | 090318e20090314xxk F v 000 0 eng d | ||
| 035 | _a(Sirsi) u146958 | ||
| 041 | 0 | _aeng | |
| 100 | 1 | _aBoulton, Ruth | |
| 245 | 0 | 0 | _aPlay with fire and you burn your fingers |
| 260 | _c2009 | ||
| 490 | 0 |
_aEstates Gazette _v(0910) 14 March 2009, 102-104(2) |
|
| 520 | _aExplains that the banking crisis has resulted in unprecedented problems for the property sector. Argues that property professionals should protect themselves from losses in the eventuality that a deposit disappears on the collapse of a bank. Provides a checklist of points to consider in this respect. | ||
| 590 | _aKA | ||
| 651 | 4 |
_aEngland and Wales _y1543- |
|
| 690 | _aMANAGEMENT-CORPORATE RECOVERY | ||
| 942 | _n0 | ||
| 999 |
_c81338 _d81338 |
||